000 00651nam a2200229Ia 4500
003 OSt
005 20221006164941.0
006 a|||||r|||| 00| 0
007 ta
008 221006b |||||||| |||| 00| 0 hin d
024 _a5,100
037 _cTextual
040 _aFML
_cFML
_bhin
041 _2hin
_ahin
082 _aO152, 1I55, P5
100 _aTripathi Manju Au.
_9678747
245 0 _aKabeer Evam Unke Samsamayik Nirgun Santo Ki Bhakti Paddhati
260 _aNew Delhi
_bNaman Publication India
_c2005
300 _a264
_ccm.
942 _hO152, 1I55, P5
_cTEXL
_2CC
999 _c1119042
_d1119042